ALAI entrevista al FSLN de Nicaragua: frente sur
Guardat en:
| Format: | Text |
|---|---|
| Matèries: | |
| Etiquetes: |
Afegir etiqueta
Sense etiquetes, Sigues el primer a etiquetar aquest registre!
|
MARC
| LEADER | 00000 a a2200000 04500 | ||
|---|---|---|---|
| 001 | 17858 | ||
| 003 | |||
| 040 | |||
| 245 | |a ALAI entrevista al FSLN de Nicaragua: |b frente sur | ||
| 650 | |a POLITICA | ||
| 650 | |a PARTIDOS POLITICOS | ||
| 650 | |a NICARAGUA | ||
| 773 | |g volumen 3, número 26; páginas 203-204 | ||
| 999 | |c 29987 |d 29987 | ||
| 773 | 0 | |0 42391 |9 3997 |a Agencia Latinoamericana de Información, ALAI |d Quito, Ecuador: ALAI |o 03882 |t ALAI: |x 08275564 (Servicio mensual de información y documentación) | |
